[Event "134th YMCA Winter A"]
[Site "Warszawa"]
[Date "2014.01.10"]
[Round "1"]
[White "Sanz Losada, Victoriano"]
[Black "Rozycki, Bartlomiej"]
[Result "1-0"]
[WhiteElo "2103"]
[BlackElo "2076"]
[PlyCount "119"]
[EventDate "2014.01.09"]
[EventType "tourn"]
[EventRounds "1"]
[EventCountry "POL"]
[SourceDate "2014.01.09"]

1. e4 c5 2. Nf3 d6 3. d4 cxd4 4. Nxd4 Nf6 5. Nc3 a6 6. Be3 e6 7. f3 b5 8. Qd2
Bb7 9. g4 Nbd7 10. Bd3 Nb6 11. O-O-O b4 12. Nce2 d5 13. exd5 Nfxd5 14. Be4 Be7
15. Kb1 Nd7 16. Bxd5 Bxd5 17. Nf4 Ne5 18. Nxd5 Qxd5 19. Qe2 Qc4 20. Rhe1 Qxe2
21. Rxe2 O-O-O 22. Rf1 Rd7 23. Nb3 Rhd8 24. Bc1 Nc6 25. Rd2 Ne5 26. Re2 Nc6 27.
Rd2 Rxd2 28. Bxd2 Ne5 29. Bf4 Nc4 30. c3 bxc3 31. Rc1 Bb4 32. a3 Bd6 33. Rxc3
Bxf4 34. Rxc4+ Bc7 35. Nc5 Rd6 36. Kc2 Rc6 37. h3 Bd6 38. b4 Bxc5 39. bxc5 Rc7
40. Kc3 Rd7 41. Rb4 Rd1 42. Rb6 a5 43. Kc4 Ra1 44. Kb5 Rxa3 45. Kc6 a4 46. Rb7
Rxf3 47. Ra7 Kb8 48. Rxa4 Rxh3 49. Rf4 f6 50. Rd4 g5 51. Kd7 Rc3 52. c6 f5 53.
Rb4+ Ka7 54. c7 Rd3+ 55. Kxe6 Rc3 56. gxf5 Rxc7 57. f6 h5 58. f7 Rc8 59. Ke7 h4
60. Rg4 1-0

[Event "134th YMCA Winter A"]
[Site "Warszawa"]
[Date "2014.01.09"]
[Round "1"]
[White "Eggink, Mateusz"]
[Black "Luksik, Mateusz"]
[Result "1/2-1/2"]
[WhiteElo "2052"]
[BlackElo "2071"]
[PlyCount "199"]
[EventDate "2014.01.09"]
[EventType "tourn"]
[EventRounds "1"]
[EventCountry "POL"]
[SourceDate "2014.01.09"]

1. e4 c6 2. Nf3 d5 3. Nc3 Bg4 4. h3 Bxf3 5. Qxf3 e6 6. d3 Nd7 7. Bd2 g6 8. d4
Bg7 9. O-O-O Qf6 10. Qg3 O-O-O 11. Kb1 Bh6 12. exd5 exd5 13. f4 Ne7 14. Qf2 g5
15. g4 Ng6 16. f5 Rhg8 17. Qg3 Nh4 18. Be3 Bf8 19. Bg1 Bd6 20. Qd3 h5 21. a4 a6
22. Na2 Qe7 23. Qc3 Rde8 24. Bf2 Nf6 25. Bxa6 bxa6 26. Qxc6+ Qc7 27. Qxa6+ Kd7
28. Nc3 Ra8 29. Qd3 Qc4 30. gxh5 Qxd3 31. Rxd3 Ng2 32. h6 Nf4 33. Rf3 Rh8 34.
Be3 Rxh6 35. h4 Ne4 36. Nxe4 dxe4 37. Rff1 Rah8 38. Rhg1 Rxh4 39. Rxg5 Nd5 40.
Bc1 Rh1 41. Rgg1 Rxg1 42. Rxg1 Bf4 43. Re1 Rh4 44. c4 Bxc1 45. Kxc1 Nb4 46. Kd2
Nd3 47. Rb1 Rh2+ 48. Ke3 Nxb2 49. Kxe4 Nxc4 50. Rb7+ Kc6 51. Ra7 Rh4+ 52. Kd3
Nd6 53. Ra6+ Kc7 54. d5 Rf4 55. Ra7+ Kb6 56. Rd7 Kc5 57. a5 Ra4 58. Ra7 Kxd5
59. a6 f6 60. Ra8 Nxf5 61. a7 Nd6 62. Rf8 Ra3+ 63. Kc2 Rxa7 64. Rxf6 Ne4 65.
Rf8 Rc7+ 66. Kd3 Rc3+ 67. Ke2 Rh3 68. Rd8+ Kc4 69. Rc8+ Nc5 70. Ra8 Nd3 71.
Rc8+ Kd4 72. Ra8 Nf4+ 73. Kf2 Rb3 74. Ra4+ Ke5 75. Ra8 Nd3+ 76. Ke2 Ke4 77. Kd2
Ne5 78. Ra4+ Kd5 79. Ra5+ Kd4 80. Ra4+ Nc4+ 81. Ke2 Rc3 82. Ra8 Rc2+ 83. Kf3
Ne5+ 84. Kf4 Rf2+ 85. Kg5 Nc6 86. Ra1 Ne5 87. Rd1+ Nd3 88. Ra1 Rg2+ 89. Kf5 Kd5
90. Ra5+ Nc5 91. Kf4 Kd4 92. Ra1 Rf2+ 93. Kg4 Ke5 94. Ra5 Rc2 95. Ra8 Rc3 96.
Re8+ Ne6 97. Ra8 Ke4 98. Re8 Rc6 99. Re7 Ke3 100. Kf5 1/2-1/2

[Event "134th YMCA Winter A"]
[Site "Warszawa"]
[Date "2014.01.09"]
[Round "1"]
[White "Olenderek, Tomasz"]
[Black "Kielar, Maciej"]
[Result "1/2-1/2"]
[WhiteElo "2150"]
[BlackElo "2118"]
[PlyCount "54"]
[EventDate "2014.01.09"]
[EventType "tourn"]
[EventRounds "1"]
[EventCountry "POL"]
[SourceDate "2014.01.09"]

1. d4 Nf6 2. Nf3 g6 3. Nbd2 Bg7 4. e4 c5 5. c3 cxd4 6. cxd4 O-O 7. Bd3 d5 8. e5
Ng4 9. h3 Nh6 10. O-O Bf5 11. Nb3 Nc6 12. Bxh6 Bxh6 13. Bxf5 gxf5 14. Nh4 e6
15. Qh5 Qg5 16. Qxg5+ Bxg5 17. Nf3 Bh6 18. Nc5 b6 19. Nd7 Rfc8 20. Nf6+ Kh8 21.
g4 Ne7 22. g5 Bf8 23. Rfc1 Ng6 24. Nh5 Rc4 25. b3 Rcc8 26. a4 Bb4 27. Kf1 Kg8
1/2-1/2

[Event "134th YMCA Winter A"]
[Site "Warszawa"]
[Date "2014.01.09"]
[Round "1"]
[White "Choroszej, Aleksander"]
[Black "Witek, Tomasz"]
[Result "1-0"]
[WhiteElo "2130"]
[BlackElo "2105"]
[PlyCount "63"]
[EventDate "2014.01.09"]
[EventType "tourn"]
[EventRounds "1"]
[EventCountry "POL"]
[SourceDate "2014.01.09"]

1. d4 Nf6 2. c4 g6 3. Nc3 Bg7 4. e4 d6 5. f4 c5 6. d5 e6 7. Nf3 exd5 8. cxd5
O-O 9. Be2 Bg4 10. O-O Nbd7 11. h3 Bxf3 12. Bxf3 Ne8 13. Be3 Nc7 14. Qc2 Rb8
15. g4 b5 16. g5 Nb6 17. Rae1 Nc4 18. Bc1 Bd4+ 19. Kg2 f6 20. h4 fxg5 21. hxg5
b4 22. Nd1 b3 23. Qxc4 Rb4 24. Qd3 bxa2 25. Qa3 Rc4 26. Nc3 Bxc3 27. bxc3 Nb5
28. Qxa2 Rxc3 29. Qd2 c4 30. Bg4 Rd3 31. Be6+ Kg7 32. Qxd3 1-0

[Event "134th YMCA Winter A"]
[Site "Warszawa"]
[Date "2014.01.17"]
[Round "1"]
[White "Szymczak, Rafal"]
[Black "Liberadzki, Slawomir"]
[Result "1/2-1/2"]
[WhiteElo "2075"]
[BlackElo "2108"]
[Annotator "Admin"]
[PlyCount "27"]
[EventDate "2014.01.09"]
[EventType "tourn"]
[EventRounds "1"]
[EventCountry "POL"]
[SourceDate "2014.01.09"]

1. f4 d5 2. Nf3 c5 3. g3 Nc6 4. Bg2 g6 5. d3 Bg7 6. O-O d4 7. e4 dxe3 8. c3 Bf5
9. Ne1 e5 10. Bxe3 exf4 11. Bxc5 fxg3 12. hxg3 Nge7 13. Qe2 Be6 14. Nd2 $11
1/2-1/2

[Event "134th YMCA Winter A"]
[Site "Warszawa"]
[Date "2014.01.18"]
[Round "1"]
[White "Nowak, Lukasz"]
[Black "Goslawski, Michal"]
[Result "0-1"]
[WhiteElo "2087"]
[BlackElo "2154"]
[PlyCount "104"]
[EventDate "2014.01.09"]
[EventType "tourn"]
[EventRounds "1"]
[EventCountry "POL"]
[SourceDate "2014.01.09"]

1. e4 e6 2. d4 d5 3. Nc3 Bb4 4. e5 Ne7 5. a3 Bxc3+ 6. bxc3 c5 7. Qg4 Kf8 8. a4
Qa5 9. Bd2 Qc7 10. Qd1 b6 11. Nf3 cxd4 12. cxd4 Ba6 13. Bd3 Bxd3 14. cxd3 Nbc6
15. O-O Kg8 16. Qb3 h6 17. Rfc1 Kh7 18. Rc2 Rhc8 19. Rac1 Qb7 20. h3 Nd8 21.
Qb5 Rxc2 22. Rxc2 Ndc6 23. a5 a6 24. Qxb6 Qxb6 25. axb6 Rb8 26. Rb2 Rb7 27. Bc3
Nc8 28. Nd2 Rxb6 29. Ra2 N8a7 30. Ra4 Nb5 31. Bb2 Nc7 32. Ba3 a5 33. Kf1 Na6
34. Ke2 Nab4 35. Bxb4 Nxd4+ 36. Ke3 Nc2+ 37. Ke2 Nxb4 38. Rxa5 Nc6 39. Ra2 Nxe5
40. f4 Nc6 41. Nf3 g6 42. Rc2 Kg7 43. d4 g5 44. g3 Kf6 45. Kf2 gxf4 46. gxf4
Kf5 47. Kg3 Ra6 48. Rc1 Ra3 49. Rd1 Ke4 50. Re1+ Re3 51. Rxe3+ Kxe3 52. Ne5
Nxe5 0-1

[Event "134th YMCA Winter A"]
[Site "Warszawa"]
[Date "2014.01.20"]
[Round "2"]
[White "Liberadzki, Slawomir"]
[Black "Nowak, Lukasz"]
[Result "1/2-1/2"]
[WhiteElo "2108"]
[BlackElo "2087"]
[PlyCount "97"]
[EventDate "2014.01.09"]
[EventType "tourn"]
[EventRounds "1"]
[EventCountry "POL"]
[SourceDate "2014.01.09"]

1. e4 c5 2. c3 Nf6 3. d3 Nc6 4. Nf3 d6 5. g3 Bg4 6. Bg2 e6 7. O-O d5 8. exd5
Nxd5 9. Qa4 Bf5 10. Ne5 Qa5 11. Qxa5 Nxa5 12. g4 Bg6 13. Na3 O-O-O 14. Nac4
Nxc4 15. dxc4 Nc7 16. Bf4 f6 17. Nxg6 hxg6 18. Rfd1 Be7 19. Be4 g5 20. Bg3 b6
21. a4 Rxd1+ 22. Rxd1 Rd8 23. Rxd8+ Kxd8 24. Bc6 Ne8 25. Bb8 Nd6 26. h3 Nxc4
27. Kf1 Kc8 28. Bg3 Nxb2 29. Ke2 a6 30. f3 Nc4 31. Kd3 Bd6 32. Kxc4 Bxg3 33.
Kd3 Kc7 34. Be8 Kd6 35. Ke4 c4 36. Kd4 Bf2+ 37. Kxc4 Ke5 38. Bc6 Kf4 39. Bb7 g6
40. Kd3 Kg3 41. Ke2 Bc5 42. Bxa6 Kxh3 43. Bc4 e5 44. Bd3 f5 45. gxf5 gxf5 46.
Bxf5+ Kg3 47. Be4 Kf4 48. Kd3 Bg1 49. Bd5 1/2-1/2

[Event "134th YMCA Winter A"]
[Site "Warszawa"]
[Date "2014.01.16"]
[Round "2"]
[White "Witek, Tomasz"]
[Black "Szymczak, Rafal"]
[Result "1/2-1/2"]
[WhiteElo "2105"]
[BlackElo "2075"]
[Annotator "Admin"]
[PlyCount "65"]
[EventDate "2014.01.09"]
[EventType "tourn"]
[EventRounds "1"]
[EventCountry "POL"]
[SourceDate "2014.01.09"]

1. d4 d5 2. c4 e6 3. Nc3 f5 4. Nf3 Nf6 5. Bf4 Bd6 6. g3 c6 7. e3 O-O 8. Be2 Ne4
9. h4 Bxf4 10. gxf4 Qa5 11. Qb3 Nd7 12. Ng5 Ndf6 13. Rg1 Bd7 14. f3 Nxc3 15.
bxc3 h6 16. Nh3 b5 17. c5 Qd8 18. Nf2 Nh5 19. Rh1 a5 20. Nd3 Qe7 21. Kf2 Rfb8
22. Rag1 Be8 23. a3 Rb7 24. Kg2 a4 25. Qb2 Qf6 26. Ne5 Raa7 27. Bd3 g6 28. Kf1
Rg7 29. Qh2 Kh7 30. Ke2 Rg8 31. Rg2 Rag7 32. Kd2 Rf8 33. Rhg1 $11 1/2-1/2

[Event "134th YMCA Winter A"]
[Site "Warszawa"]
[Date "2014.01.16"]
[Round "2"]
[White "Kielar, Maciej"]
[Black "Choroszej, Aleksander"]
[Result "1/2-1/2"]
[WhiteElo "2118"]
[BlackElo "2130"]
[Annotator "Admin"]
[PlyCount "37"]
[EventDate "2014.01.09"]
[EventType "tourn"]
[EventRounds "1"]
[EventCountry "POL"]
[SourceDate "2014.01.09"]

1. e4 g6 2. d4 Bg7 3. Nc3 d6 4. Bc4 Nf6 5. Nf3 O-O 6. Bf4 c6 7. e5 Nh5 8. Bg5
Bg4 9. O-O dxe5 10. dxe5 Bxf3 11. Qxf3 Qd4 12. Bxe7 Qxc4 13. Bxf8 Bxf8 14. Rad1
Na6 15. Rfe1 Qe6 16. g4 Ng7 17. Ne4 h6 18. Rd7 Nc5 19. Nxc5 $11 1/2-1/2

[Event "134th YMCA Winter A"]
[Site "Warszawa"]
[Date "2014.01.16"]
[Round "2"]
[White "Luksik, Mateusz"]
[Black "Olenderek, Tomasz"]
[Result "1/2-1/2"]
[WhiteElo "2071"]
[BlackElo "2150"]
[PlyCount "69"]
[EventDate "2014.01.09"]
[EventType "tourn"]
[EventRounds "1"]
[EventCountry "POL"]
[SourceDate "2014.01.09"]

1. e4 e5 2. Nf3 d6 3. d4 exd4 4. Nxd4 Nf6 5. Nc3 g6 6. Bb5+ c6 7. Bd3 Bg7 8.
Bg5 h6 9. Bh4 O-O 10. O-O Nbd7 11. Nb3 Re8 12. a4 Ne5 13. Be2 g5 14. Bg3 Ng6
15. Qxd6 Qxd6 16. Bxd6 Nxe4 17. Nxe4 Rxe4 18. Bd3 Re6 19. Ba3 b6 20. Rfd1 c5
21. Bc4 Re8 22. Bb5 Rf8 23. a5 Bf5 24. Rd2 Rad8 25. Rad1 Bf6 26. Rxd8 Rxd8 27.
Rxd8+ Bxd8 28. c3 Ne5 29. a6 Bd7 30. Be2 f5 31. Nd2 Kf7 32. Nc4 Nxc4 33. Bxc4+
Be6 34. Bb5 Be7 35. Kf1 1/2-1/2

[Event "134th YMCA Winter A"]
[Site "Warszawa"]
[Date "2014.01.16"]
[Round "2"]
[White "Rozycki, Bartlomiej"]
[Black "Eggink, Mateusz"]
[Result "1/2-1/2"]
[WhiteElo "2076"]
[BlackElo "2052"]
[Annotator "Admin"]
[PlyCount "128"]
[EventDate "2014.01.09"]
[EventType "tourn"]
[EventRounds "1"]
[EventCountry "POL"]
[SourceDate "2014.01.09"]

1. d4 d5 2. c4 Nc6 3. Nf3 Bg4 4. e3 Nf6 5. Nc3 e5 6. cxd5 Nxd5 7. Qb3 Bb4 8.
Bd2 Be6 9. Bc4 Na5 10. Qa4+ Bd7 11. Bb5 c6 12. Bd3 b5 13. Qc2 exd4 14. Nxd5
Bxd2+ 15. Qxd2 cxd5 16. Nxd4 Nc4 17. Qb4 Qb6 18. Bf5 a5 19. Bxd7+ Kxd7 20.
Qxb5+ Qxb5 21. Nxb5 Nxb2 22. Rb1 Na4 23. Kd2 Rhc8 24. f3 Ra6 25. Nd4 Nb6 26.
Rb5 g6 27. Rhb1 Nc4+ 28. Kd3 Kd6 29. Rb7 Re8 30. e4 Ne5+ 31. Ke3 Nc4+ 32. Kf4
dxe4 33. Nb5+ Kc5 34. Rc7+ Rc6 35. Rxc6+ Kxc6 36. Na7+ Kc5 37. Rb5+ Kd4 38.
Nc6+ Kd3 39. Rd5+ Kc3 40. fxe4 a4 41. Rc5 Kd3 42. Rd5+ Kc3 43. Rc5 a3 44. Na5
Kb4 45. Rxc4+ Kxa5 46. Rc3 Kb4 47. Rb3+ Ka4 48. Rb7 Rd8 49. Ke3 Rd1 50. Ra7+
Kb4 51. Rb7+ Ka4 52. Rxf7 Ra1 53. Rxh7 Rxa2 54. g4 Rg2 55. Kf3 Rg1 56. Ra7+ Kb3
57. Rb7+ Kc2 58. Ra7 Kb2 59. Rb7+ Ka1 60. e5 Re1 61. Kf4 a2 62. h4 g5+ 63. Kxg5
Rxe5+ 64. Kf6 Re6+ $11 1/2-1/2

[Event "134th YMCA Winter A"]
[Site "Warszawa"]
[Date "2014.01.09"]
[Round "2"]
[White "Delega, Tomasz"]
[Black "Sanz Losada, Victoriano"]
[Result "0-1"]
[WhiteElo "2080"]
[BlackElo "2103"]
[PlyCount "62"]
[EventDate "2014.01.09"]
[EventType "tourn"]
[EventRounds "1"]
[EventCountry "POL"]
[SourceDate "2014.01.09"]

1. e4 c5 2. Nf3 d6 3. Bb5+ Nd7 4. O-O a6 5. Bxd7+ Bxd7 6. d4 cxd4 7. Nxd4 e5 8.
Ne2 Nf6 9. f3 Bc6 10. c4 b5 11. Na3 Be7 12. Be3 O-O 13. Ng3 g6 14. Rf2 Re8 15.
Rd2 Qc7 16. Rc1 Qb7 17. Ne2 Bf8 18. Nc3 b4 19. Nd5 Bxd5 20. cxd5 bxa3 21. bxa3
Rab8 22. Rc6 Nd7 23. Qa4 Nc5 24. Bxc5 dxc5 25. d6 Bh6 26. Rd3 Qb2 27. d7 Red8
28. f4 Bxf4 29. g3 Qe2 30. Qd1 Be3+ 31. Kh1 Rb1 0-1

[Event "134th YMCA Winter A"]
[Site "Warszawa"]
[Date "2014.01.29"]
[Round "3"]
[White "Eggink, Mateusz"]
[Black "Delega, Tomasz"]
[Result "0-1"]
[WhiteElo "2052"]
[BlackElo "2080"]
[PlyCount "107"]
[EventDate "2014.01.09"]
[EventType "tourn"]
[EventRounds "1"]
[EventCountry "POL"]
[SourceDate "2014.01.09"]

1. e4 Nf6 2. Nc3 d5 3. exd5 Nxd5 4. Bc4 Nxc3 5. bxc3 e5 6. Qh5 Qf6 7. Nf3 Bd6
8. O-O O-O 9. d3 Qf5 10. Ng5 h6 11. Bxf7+ Rxf7 12. Qxf7+ Qxf7 13. Nxf7 Kxf7 14.
f4 Kg8 15. fxe5 Bxe5 16. Ba3 Bf6 17. Rae1 Nc6 18. Re8+ Kh7 19. Rf8 Rb8 20. Rf7
Bxc3 21. Rxc7 Be5 22. Rcf7 Be6 23. Rf8 Bd4+ 24. Kh1 Rxf8 25. Rxf8 Bxa2 26. Rc8
Be5 27. Bc5 Bb1 28. d4 Nxd4 29. Bxa7 Nc6 30. Bb6 Bxc2 31. Rf8 Kg6 32. Rf2 Be4
33. Rf1 Bf6 34. Rd1 Ne5 35. Re1 Bc6 36. Rd1 Nc4 37. Bc5 Bg5 38. Rd3 Kf5 39. Rc3
Ne5 40. Bd4 Ke4 41. Bb6 Nd7 42. Bf2 Bf6 43. Rb3 b5 44. Be1 Kd5 45. Rb1 Bd4 46.
Rd1 Ke4 47. Bb4 Nf6 48. Rc1 Bd5 49. h3 Bc4 50. Re1+ Kf5 51. g4+ Kg6 52. Kg2 Nd5
53. Bd6 Bc3 54. Kf3 0-1

[Event "134th YMCA Winter A"]
[Site "Warszawa"]
[Date "2014.01.23"]
[Round "3"]
[White "Olenderek, Tomasz"]
[Black "Rozycki, Bartlomiej"]
[Result "1-0"]
[WhiteElo "2150"]
[BlackElo "2076"]
[PlyCount "89"]
[EventDate "2014.01.09"]
[EventType "tourn"]
[EventRounds "1"]
[EventCountry "POL"]
[SourceDate "2014.01.09"]

1. d4 Nf6 2. Nf3 e6 3. Nbd2 d5 4. e3 c5 5. c3 Nc6 6. Bd3 Bd6 7. O-O O-O 8. dxc5
Bxc5 9. b4 Bd6 10. Bb2 e5 11. e4 Bg4 12. exd5 Nxd5 13. Nc4 Bc7 14. Be4 Nf6 15.
Qxd8 Nxd8 16. Nfxe5 Bh5 17. Bf3 Rc8 18. Bxh5 Nxh5 19. Rad1 Ne6 20. Rfe1 Nf6 21.
Nd7 Nxd7 22. Rxd7 Rfd8 23. Red1 Rxd7 24. Rxd7 Kf8 25. Ne3 Ke8 26. Rd5 Nf4 27.
Rd2 Be5 28. g3 Ne6 29. c4 Bxb2 30. Rxb2 Rd8 31. Kf1 g6 32. Nd5 b5 33. Ne3 bxc4
34. Nxc4 Rd3 35. Ke2 Rc3 36. Nd6+ Ke7 37. Nb5 Rc8 38. Nxa7 Nd4+ 39. Kd3 Rd8 40.
Kc4 Ra8 41. Kxd4 Rxa7 42. b5 Kd6 43. Kc4 Ra4+ 44. Kb3 Rd4 45. Rc2 1-0

[Event "134th YMCA Winter A"]
[Site "Warszawa"]
[Date "2014.01.20"]
[Round "3"]
[White "Choroszej, Aleksander"]
[Black "Luksik, Mateusz"]
[Result "1-0"]
[WhiteElo "2130"]
[BlackElo "2071"]
[Annotator "Admin"]
[PlyCount "71"]
[EventDate "2014.01.09"]
[EventType "tourn"]
[EventRounds "1"]
[EventCountry "POL"]
[SourceDate "2014.01.09"]

1. d4 Nf6 2. c4 c5 3. d5 e6 4. Nc3 exd5 5. cxd5 d6 6. e4 g6 7. f4 Bg7 8. Nf3
O-O 9. Be2 Bg4 10. O-O Re8 11. h3 Bxf3 12. Bxf3 Nbd7 13. g4 h6 14. Qc2 c4 15.
Be3 Qa5 16. h4 h5 17. g5 Ng4 18. Bxg4 hxg4 19. e5 dxe5 20. f5 e4 21. fxg6 fxg6
22. Rad1 Nc5 23. Qg2 Nd3 24. Nxe4 Kh8 25. h5 gxh5 26. Qh1 Qxd5 $11 27. Qxh5+
Kg8 28. Nf6+ Bxf6 29. Rxf6 Re7 30. Rg6+ Rg7 31. Rxg7+ Kxg7 32. Qh6+ Kg8 33.
Qg6+ Kh8 34. Qf6+ Kg8 35. Bd4 Qd7 36. g6 1-0

[Event "134th YMCA Winter A"]
[Site "Warszawa"]
[Date "2014.01.23"]
[Round "3"]
[White "Szymczak, Rafal"]
[Black "Kielar, Maciej"]
[Result "0-1"]
[WhiteElo "2075"]
[BlackElo "2118"]
[PlyCount "112"]
[EventDate "2014.01.09"]
[EventType "tourn"]
[EventRounds "1"]
[EventCountry "POL"]
[SourceDate "2014.01.09"]

1. d4 c5 2. e3 Nf6 3. c4 Nc6 4. d5 Na5 5. Nc3 d6 6. a3 Qb6 7. b4 cxb4 8. axb4
Qxb4 9. Qa4+ Qxa4 10. Rxa4 b6 11. Nb5 Kd7 12. Bd2 a6 13. Nd4 Nb7 14. Ngf3 h6
15. Nc6 e5 16. Rxa6 Rxa6 17. Nb8+ Kd8 18. Nxa6 Na5 19. Nb4 Be7 20. Be2 Bf5 21.
O-O Kc7 22. Ra1 Kb7 23. Be1 Rc8 24. Nd2 Bg6 25. Na2 Nd7 26. Nb4 Nc5 27. Ra3 f5
28. Kf1 Bf6 29. Nd3 Nxd3 30. Bxd3 e4 31. Be2 Be8 32. f3 exf3 33. gxf3 Bb2 34.
Ra2 Bc3 35. Ne4 fxe4 36. Bxc3 exf3 37. Bxf3 Nxc4 38. Bxg7 Nxe3+ 39. Kf2 Nf5 40.
Bf6 Bb5 41. Rb2 Bc4 42. Bc3 Rf8 43. Bg2 Ne7+ 44. Ke3 Bxd5 45. Bg7 Rg8 46. Bxd5+
Nxd5+ 47. Kd4 Rxg7 48. Kxd5 Kc7 49. Ke6 Rg5 50. Rc2+ Rc5 51. Rd2 Re5+ 52. Kf6
b5 53. h4 h5 54. Rg2 Kc6 55. Rg5 b4 56. Rg1 b3 0-1

[Event "134th YMCA Winter A"]
[Site "Warszawa"]
[Date "2014.02.05"]
[Round "3"]
[White "Nowak, Lukasz"]
[Black "Witek, Tomasz"]
[Result "0-1"]
[WhiteElo "2087"]
[BlackElo "2105"]
[PlyCount "54"]
[EventDate "2014.01.09"]
[EventType "tourn"]
[EventRounds "1"]
[EventCountry "POL"]
[SourceDate "2014.01.09"]

1. e4 e6 2. d4 d5 3. Nc3 Bb4 4. e5 c5 5. Bd2 cxd4 6. Nb5 Bc5 7. b4 Be7 8. Nxd4
Nc6 9. Nxc6 bxc6 10. Qg4 g5 11. c4 Nh6 12. Qh5 Nf5 13. Nf3 h6 14. g4 Ng7 15.
Qh3 f5 16. Qg2 c5 17. gxf5 exf5 18. Nh4 Be6 19. Ng6 Rh7 20. h4 g4 21. Nf4 Qb8
22. Bc3 d4 23. O-O-O dxc3 24. Nxe6 Nxe6 25. Qc6+ Kf7 26. Rd7 Qxb4 27. Bd3 Qb2+
0-1

[Event "134th YMCA Winter A"]
[Site "Warszawa"]
[Date "2014.01.23"]
[Round "3"]
[White "Goslawski, Michal"]
[Black "Liberadzki, Slawomir"]
[Result "1/2-1/2"]
[WhiteElo "2154"]
[BlackElo "2108"]
[Annotator "Admin"]
[PlyCount "103"]
[EventDate "2014.01.09"]
[EventType "tourn"]
[EventRounds "1"]
[EventCountry "POL"]
[SourceDate "2014.01.09"]

1. Nf3 c5 2. c4 Nc6 3. g3 g6 4. Bg2 Bg7 5. Nc3 e6 6. d3 Nge7 7. Bg5 h6 8. Bd2
d6 9. a3 b6 10. b4 Bb7 11. Rb1 Ne5 12. Qa4+ Bc6 13. b5 Nxf3+ 14. exf3 Bb7 15.
Qc2 Nf5 16. Ne2 O-O 17. Bc3 Nd4 18. Nxd4 cxd4 19. Bb4 Re8 20. O-O Qd7 21. f4
Bxg2 22. Kxg2 d5 23. c5 Qxb5 24. c6 Qa6 25. Rfc1 Bf8 26. h4 Rac8 27. h5 Rc7 28.
Qe2 Qc8 29. Bxf8 Rxf8 30. Rh1 g5 31. fxg5 hxg5 32. Qg4 f6 33. h6 Kh7 34. Qxd4
Rxc6 $11 35. Qb4 Rf7 36. Rhe1 Rc2 37. Qd6 Qc5 38. Qxc5 Rxc5 39. Rxe6 Rc3 40. a4
Rxd3 41. a5 bxa5 42. Ra1 Kxh6 43. Rd6 Kg6 44. Rxa5 d4 45. Raa6 Kg7 46. g4 Rd1
47. Kf3 d3 48. Ra3 Rc7 49. Rda6 d2 50. Rxa7 Rxa7 51. Rxa7+ Kg6 52. Rd7 $11
1/2-1/2

[Event "134th YMCA Winter A"]
[Site "Warszawa"]
[Date "2014.02.22"]
[Round "4"]
[White "Kielar, Maciej"]
[Black "Nowak, Lukasz"]
[Result "1/2-1/2"]
[WhiteElo "2118"]
[BlackElo "2087"]
[Annotator "Admin"]
[PlyCount "58"]
[EventDate "2014.01.09"]
[EventType "tourn"]
[EventRounds "1"]
[EventCountry "POL"]
[SourceDate "2014.01.09"]

1. g3 d5 2. Bg2 Nf6 3. c4 c6 4. Nf3 Bf5 5. b3 e6 6. O-O h6 7. Bb2 Be7 8. d3 O-O
9. Re1 a5 10. Nbd2 Na6 11. Ne5 Bh7 12. a3 Nc5 13. Rc1 Nfd7 14. Nxd7 Nxd7 15. d4
f5 16. Nf3 a4 17. b4 b5 18. cxb5 cxb5 19. Rc6 Rf6 20. Qd3 Rb8 21. Qe3 Nb6 22.
Ne5 Bd6 23. Rec1 Nc4 24. R6xc4 bxc4 25. Nc6 Qe8 26. Nxb8 Qxb8 27. f4 $11 Kh8
28. Bc3 Qg8 29. Qf2 Qb8 $11 1/2-1/2

[Event "134th YMCA Winter A"]
[Site "Warszawa"]
[Date "2014.01.30"]
[Round "4"]
[White "Luksik, Mateusz"]
[Black "Szymczak, Rafal"]
[Result "1-0"]
[WhiteElo "2071"]
[BlackElo "2075"]
[PlyCount "75"]
[EventDate "2014.01.09"]
[EventType "tourn"]
[EventRounds "1"]
[EventCountry "POL"]
[SourceDate "2014.01.09"]

1. Nf3 d5 2. d4 e6 3. c4 c6 4. Nc3 Bd6 5. e4 dxe4 6. Nxe4 Bb4+ 7. Bd2 Bxd2+ 8.
Qxd2 Nf6 9. Nxf6+ Qxf6 10. O-O-O O-O 11. h4 Nd7 12. Qg5 b6 13. Bd3 Qxg5+ 14.
hxg5 g6 15. Ne5 Nxe5 16. dxe5 Ba6 17. Kc2 Rad8 18. Kc3 Rd7 19. Be4 Rfd8 20.
Rxd7 Rxd7 21. b4 c5 22. b5 Bc8 23. f3 Kg7 24. g3 Rd4 25. a4 Rd7 26. Bc6 Rc7 27.
Rd1 Bb7 28. Rd6 h6 29. f4 hxg5 30. fxg5 a5 31. Be8 Kf8 32. Rd8 Ke7 33. Rb8 Bf3
34. Kd2 Rb7 35. Rc8 Ra7 36. Bc6 Bxc6 37. bxc6 Ra6 38. Rb8 1-0

[Event "134th YMCA Winter A"]
[Site "Warszawa"]
[Date "2014.01.30"]
[Round "4"]
[White "Rozycki, Bartlomiej"]
[Black "Choroszej, Aleksander"]
[Result "1-0"]
[WhiteElo "2076"]
[BlackElo "2130"]
[PlyCount "47"]
[EventDate "2014.01.09"]
[EventType "tourn"]
[EventRounds "1"]
[EventCountry "POL"]
[SourceDate "2014.01.09"]

1. d4 g6 2. c4 Bg7 3. Nc3 d6 4. e4 Nf6 5. f3 O-O 6. Nge2 c5 7. Be3 Nc6 8. d5
Ne5 9. Ng3 h5 10. Be2 h4 11. Nf1 a6 12. Bg5 h3 13. g4 Qa5 14. a4 e6 15. Ne3
exd5 16. cxd5 Re8 17. O-O Nh7 18. Bh4 Qb4 19. Qc2 Bh6 20. f4 g5 21. Be1 Ng6 22.
Nc4 Nxf4 23. Rxf4 gxf4 24. Na2 1-0

[Event "134th YMCA Winter A"]
[Site "Warszawa"]
[Date "2014.01.30"]
[Round "4"]
[White "Delega, Tomasz"]
[Black "Olenderek, Tomasz"]
[Result "1/2-1/2"]
[WhiteElo "2080"]
[BlackElo "2150"]
[PlyCount "88"]
[EventDate "2014.01.09"]
[EventType "tourn"]
[EventRounds "1"]
[EventCountry "POL"]
[SourceDate "2014.01.09"]

1. e4 e5 2. Nf3 d6 3. Bc4 Be7 4. d4 exd4 5. Nxd4 Nf6 6. Nc3 O-O 7. O-O Nxe4 8.
Nxe4 d5 9. Bd3 dxe4 10. Bxe4 Bf6 11. Nb5 a6 12. Qxd8 Bxd8 13. Nc3 Nd7 14. Bf4
Nc5 15. Bf3 Ne6 16. Be5 Ng5 17. Bd1 Re8 18. f4 f6 19. Bd4 Ne6 20. Be3 f5 21.
Nd5 Bd7 22. c4 c6 23. Nb6 Bxb6 24. Bxb6 c5 25. Bf3 Nxf4 26. Bxc5 Nd3 27. Bd4
Bc6 28. Bxc6 bxc6 29. Rad1 Ne5 30. Rxf5 Rad8 31. Rff1 Nxc4 32. b3 Re4 33. Bc3
Rxd1 34. Rxd1 Ne5 35. Rd8+ Kf7 36. Ra8 Ke6 37. Rxa6 Re2 38. Ra7 Nd3 39. g3 Rc2
40. Bxg7 Ne1 41. Kf1 Nf3 42. h4 Rd2 43. Bc3 Nh2+ 44. Ke1 Nf3+ 1/2-1/2

[Event "134th YMCA Winter A"]
[Site "Warszawa"]
[Date "2014.02.05"]
[Round "4"]
[White "Sanz Losada, Victoriano"]
[Black "Eggink, Mateusz"]
[Result "0-1"]
[WhiteElo "2103"]
[BlackElo "2052"]
[PlyCount "100"]
[EventDate "2014.01.09"]
[EventType "tourn"]
[EventRounds "1"]
[EventCountry "POL"]
[SourceDate "2014.01.09"]

1. e4 c5 2. Nf3 d6 3. d4 cxd4 4. Nxd4 Nf6 5. Nc3 a6 6. Be3 e6 7. f3 b5 8. Qd2
Nbd7 9. g4 Nb6 10. O-O-O Bb7 11. e5 dxe5 12. Ndxb5 Nbd5 13. g5 Nd7 14. Nxd5
exd5 15. Nc3 d4 16. Bxd4 Bxf3 17. Bg2 exd4 18. Bxf3 dxc3 19. Qd5 Ra7 20. Bh5 g6
21. Rhf1 Qb6 22. Qxf7+ Kd8 23. b3 gxh5 24. Rfe1 Bd6 25. Re6 Rf8 26. Qxf8+ Nxf8
27. Rdxd6+ Qxd6 28. Rxd6+ Ke7 29. Rc6 Ne6 30. Rxc3 Nxg5 31. Rc5 Kf6 32. a4 a5
33. Kb2 h4 34. Ka3 Nf3 35. Rc3 Nxh2 36. Rh3 Ng4 37. Rxh4 Kg5 38. Rh1 Ne3 39. c3
Rc7 40. Kb2 Nd5 41. b4 axb4 42. cxb4 Nxb4 43. Kb3 Nd5 44. a5 h5 45. Ka4 h4 46.
Kb5 Kg4 47. a6 h3 48. Rd1 Nc3+ 49. Kb6 Nxd1 50. Kxc7 Nc3 0-1